東武鉄道の発車メロディー - Statistics

General Stats
  • This quiz has been taken 6 times
  • The average score is 11 of 56
Answer Stats
Answer % Correct
オラはにんきもの
80%
Memoria
80%
Passenger
80%
東武動物公園のテーマ
60%
ファイターズ讃歌
60%
ソラカラちゃんダンス!
40%
ソラカラちゃんテーマソング
40%
東武ワールドスクウェアテーマソング
40%
突き進め柏
40%
チュニジア
40%
Stream
40%
アンゴラ
20%
ジョージ・イタリアーノ
20%
オープニングカリヨン
20%
立教池袋中学校校歌
20%
大山ベル
20%
大東文化大学校歌
20%
笑一笑〜シャオイーシャオ!〜
20%
桜花爛漫
20%
旅の楽しみ・期待感
20%
ふるさとへの思い(おかえり)
20%
出かける人を応援
20%
時ジロウ20
20%
Chathedral
20%
Spring Rain
20%
Step by Step
20%
The Day
20%
TOAオリジナルチャイム1
20%
TOAオリジナルチャイム5
20%
TOAオリジナルチャイム7
20%
TOAオリジナルチャイム8
20%
スペーシアX車内チャイム
20%
走れ!-ZZ Ver-
20%
行くぜっ!怪盗少女-ZZ Ver-
20%
ニッポン笑顔百景-ZZ Ver-
20%
阿波踊りのお囃子
0%
カリフォルニア・シャワー
0%
立教大学校歌「栄光の立教」
0%
立教小学校準校歌「立教生が歩む道」
0%
アイネ・クライネ・ナハトムジークより第三楽章メヌエット
0%
交響曲第6番「田園」より 第一楽章アレグロ・マ・ノン・トロッポ
0%
立教新座中学校・高等学校校歌
0%
人の優しさ・小江戸感
0%
ぼたん音頭
0%
東松山市歌
0%
トラベリング
0%
BEAM
0%
Blue moon light
0%
ディベルティメントK.136より 第一楽章アレグロ
0%
MABOROSHI SUMMER
0%
MATSURI BAYASHI
0%
MONSTER DANCE
0%
立教大学第二応援歌「St.Paul’s will shine tonight」
0%
Summer Venus
0%
wasted
0%
YGB
0%
No matching quizzes found
Score Distribution
Percent of People with Each Score
Percentile by Number Answered
Your Score History
You have not taken this quiz